000
00342pam a2200157a 44500
008
230515b2007 xxu||||| |||| 00| 0 eng d
020
_a
0
041
_a
ENGL
082
_a
617.6/RAG
100
_a
RAGHU
245
_a
CLINICAL OPERATIVE DENTISTRY
250
_a
1ST
260
_a
NULL
_b
EMMESS PUB
_c
2007
300
_a
432
650
_a
N.D.
999
_c
559869
_d
559869